ბათუმის შოთა რუსთაველის სახელმწიფო უნივერსიტეტის ბიბლიოთეკა

A students introduction to English Grammar / (ბიბ.ჩანაწერი № 45444)

000 -LEADER
fixed length control field 00588nam a2200217Ia 4500
001 - CONTROL NUMBER
control field 12268
003 - CONTROL NUMBER IDENTIFIER
control field GE_BSU
005 - DATE AND TIME OF LATEST TRANSACTION
control field 20221121105833.0
008 - FIXED-LENGTH DATA ELEMENTS--GENERAL INFORMATION
fixed length control field 181216s2014||||enk|||||||||||||| ||eng||
020 ## - INTERNATIONAL STANDARD BOOK NUMBER
International Standard Book Number 9780521612883x
040 ## - CATALOGING SOURCE
Transcribing agency GE_BSU
041 ## - LANGUAGE CODE
Language code of text/sound track or separate title eng
080 ## - UNIVERSAL DECIMAL CLASSIFICATION NUMBER
Universal Decimal Classification number 811.111 H-88
100 ## - MAIN ENTRY--PERSONAL NAME
Personal name Huddleston, Rodney
9 (RLIN) 15927
245 #2 - TITLE STATEMENT
Title A students introduction to English Grammar /
Statement of responsibility, etc. Rodney Huddleston.
264 ## - PRODUCTION, PUBLICATION, DISTRIBUTION, MANUFACTURE, AND COPYRIGHT NOTICE
Place of production, publication, distribution, manufacture Cambridge,
Date of production, publication, distribution, manufacture, or copyright notice 2014.
300 ## - PHYSICAL DESCRIPTION
Extent 311 p.;
Other physical details 24 cm.
653 ## - INDEX TERM--UNCONTROLLED
keyword გრამატიკა
653 ## - INDEX TERM--UNCONTROLLED
keyword ინგლისური ენა
942 ## - ADDED ENTRY ELEMENTS (KOHA)
Koha item type წიგნი
Source of classification or shelving scheme
ეგზემპლარები
Withdrawn status Lost status Source of classification or shelving scheme Damaged status Not for loan Permanent Location Current Location Date acquired Cost, normal purchase price Full call number Barcode Date last seen Copy number Price effective from Koha item type Public note Shelving location
          ბათუმის შოთა რუსთაველის სახელმწიფო უნივერსიტეტის მთავარი ბიბლიოთეკა ბათუმის შოთა რუსთაველის სახელმწიფო უნივერსიტეტის მთავარი ბიბლიოთეკა 2018-12-17 84.00 811.111 H-88 36166 2018-12-17 36166 2018-12-17 წიგნი 84 ლ.  
          ბათუმის შოთა რუსთაველის სახელმწიფო უნივერსიტეტის მთავარი ბიბლიოთეკა ბათუმის შოთა რუსთაველის სახელმწიფო უნივერსიტეტის მთავარი ბიბლიოთეკა 2018-12-17 84.00 811.111 H-88 36165 2018-12-17 36165 2018-12-17 წიგნი 84 ლ. წიგნსაცავი
          ბათუმის შოთა რუსთაველის სახელმწიფო უნივერსიტეტის მთავარი ბიბლიოთეკა ბათუმის შოთა რუსთაველის სახელმწიფო უნივერსიტეტის მთავარი ბიბლიოთეკა 2018-12-17 84.00 811.111 H-88 36164 2018-12-17 36164 2018-12-17 წიგნი 84 ლ. წიგნსაცავი
          ბათუმის შოთა რუსთაველის სახელმწიფო უნივერსიტეტის მთავარი ბიბლიოთეკა ბათუმის შოთა რუსთაველის სახელმწიფო უნივერსიტეტის მთავარი ბიბლიოთეკა 2018-12-17 84.00 811.111 H-88 36163 2018-12-17 36163 2018-12-17 წიგნი 84 ლ. წიგნსაცავი
          ბათუმის შოთა რუსთაველის სახელმწიფო უნივერსიტეტის მთავარი ბიბლიოთეკა ბათუმის შოთა რუსთაველის სახელმწიფო უნივერსიტეტის მთავარი ბიბლიოთეკა 2018-12-17 84.00 811.111 H-88 36162 2018-12-17 36162 2018-12-17 წიგნი 84 ლ. წიგნსაცავი
          ბათუმის შოთა რუსთაველის სახელმწიფო უნივერსიტეტის მთავარი ბიბლიოთეკა ბათუმის შოთა რუსთაველის სახელმწიფო უნივერსიტეტის მთავარი ბიბლიოთეკა 2018-12-17 84.00 811.111 H-88 36161 2018-12-17 36161 2018-12-17 წიგნი 84 ლ. წიგნსაცავი
          ბათუმის შოთა რუსთაველის სახელმწიფო უნივერსიტეტის მთავარი ბიბლიოთეკა ბათუმის შოთა რუსთაველის სახელმწიფო უნივერსიტეტის მთავარი ბიბლიოთეკა 2018-12-17 84.00 811.111 H-88 36160 2018-12-17 36160 2018-12-17 წიგნი 84 ლ. წიგნსაცავი
          ბათუმის შოთა რუსთაველის სახელმწიფო უნივერსიტეტის მთავარი ბიბლიოთეკა ბათუმის შოთა რუსთაველის სახელმწიფო უნივერსიტეტის მთავარი ბიბლიოთეკა 2018-12-17 84.00 811.111 H-88 36159 2018-12-17 36159 2018-12-17 წიგნი 84 ლ. წიგნსაცავი